000 02122nam a22002657a 4500
999 _c63688
_d63688
003 Ge_BSU
005 20251209155332.0
008 251209s2018 ge ||||| |||| 00| 0 geo d
020 _a9789941962011
041 _ageo
080 _a821.353.1-92 ჭ-15
100 _aჭავჭავაძე, ილია
_926421
245 _aთხზულებათა სრული კრებული : 20 ტომად. ტ. 16 (2), რუსულიდან თარგმნილი პუბლიცისტური წერილები /
_cილია ჭავჭავაძე; სარედაქციო კოლეგია: მთავარი რედაქტორი ირმა რატიანი, გიორგი აბაშიძე, ანდრო ბედუკაძე [და სხვ.]; რუსულიდან თარგმანი სალომე ბედუკაძე; შოთა რუსთაველის ქართული ლიტერატურის ინ-ტი.
264 _aთბილისი :
_b საქ. პარლამენტის ეროვნული ბიბლიოთეკა,
_c2018ю
300 _a490 გვ. :
_bპორტრ.;
_c21 სმ.
653 _aქართული პუბლიცისტური წერილები.
700 _aრატიანი, ირმა
_eმთავარი რედაქტორი
_95778
700 _aაბაშიძე, გიორგი
_eრედაქტორი
_91217
700 _aბედუკაძე, ანდრო
_eრედაქტორი
_924061
700 _aჩხეიძე, როსტომ
_eრედაქტორი
_91213
700 _aჭუმბურიძე, ზურაბ
_eრედაქტორი
_926422
700 _aბედუკაძე, სალომე
_eმთარგმნელი
_924087
710 _aშოთა რუსთაველის ქართული ლიტერატურის ინ-ტი.
_926423
942 _2udc
_cᲬᲘᲒᲜᲘ